Word Ladder: Michelle Pfeiffer Quiz Stats

 Plays Quiz Updated Feb 15, 2018

Score 0/30 Timer 04:00
0 Plays Today
Clue 4-Letter Rung % Correct
5280 feetMILE
96.6%
Not very spicy, like salsaMILD
96.5%
Truth or ____DARE
96.2%
• 2000: What ____ Beneath •• LIES •
96.1%
What an eagle doesSOAR
95.4%
What many people do from nine to fiveWORK
95.4%
What you pay to travel by public transportFARE
95.2%
Darkened, like a fontBOLD
95.1%
• 1996: One ____ Day •• FINE •
95.1%
American bread spoilerMOLD
95.1%
• 2012: ____ Shadows •• DARK •
94.8%
Male pigBOAR
94.7%
LocateFIND
94.6%
Hit or ___MISS
94.4%
___ E. Coyote, Super GeniusWILE
93.8%
Clue 4-Letter Rung % Correct
DweebDORK
93.1%
A rasp-like toolFILE
91.7%
___ en place: Everything in its placeMISE
90.2%
• 1989: The Fabulous Baker ____• BOYS •
82.2%
Billy who played Pippin TookBOYD
77.9%
Franz the American anthropologistBOAS
74.5%
Smear the reputation ofDISS
73.3%
___ Irae: somber church hymnDIES
72%
Jenny the 'Swedish Nightingale'LIND
69.4%
A German poem set to musicLIED
67.4%
Star Trek Klingon characterWORF
52.4%
Soyinka the Nobel LaureateWOLE
45.2%
• 1994: ____• WOLF •
40.7%
• 1983: [First Rung]____• FACE •
37.4%
• 1983: ____[Last Rung] •• SCAR •
34.8%

Today's Daily Dose

You're not logged in!

Compare scores with friends on all Sporcle quizzes.
OR
Log In

Sporcle TV

Today on Sporcle TV


Watch our educational content, quiz creation guides, and fun videos on Sporcle TV.

Show Comments

Extras

Top Quizzes Today


Score Distribution

Your Account Isn't Verified!

In order to create a playlist on Sporcle, you need to verify the email address you used during registration. Go to your Sporcle Settings to finish the process.

Report this User

Report this user for behavior that violates our Community Guidelines.

Details: